000 01198nam0a2200325 4500
001 RU\NLR\BIBL_A\012481647
005 20250128194045.0
010 _a978-5-298-03957-4
_91000
021 _aRU
_bКН-П-20-044665
_9КН-П-20-3411
035 _a(NLR Aleph) 012481647
090 _a13303306
_c13303306
100 _a20210322d2020 m y0rusy50 ca
101 0 _atat
102 _aRU
105 _ac z 000 y
181 0 _ai
_baxxe
182 0 _an
200 1 _aЮаныч
_eбәяннар, хикәяләр, эсселар
_fСолтан Шәмси
203 _aТекст
_bвизуальный
_cнепосредственный
210 _aКазан
_cТатар. кит. нәшр.
_d2020
215 _a428,[3] б.
_cпортр.
_d21
300 _aВ вып. дан. авт.: Шамсетдинов Султан Саляхович (Шамси Султан).
541 1 _6z01790
_aУтешение
_e[повести, рассказы, эссе].
_zrus
686 1 _aШ6(2=Тат)7-4
700 1 _aШәмси
_bС.
_f1946-
_gСолтан
_4070
790 1 _6z01541
_aШамси
_bС.
_gСултан
_4070
852 _aNLR
_bОНЛ
_jТатар./3-15436
942 _cBOOK
980 _aNB